Statistics for Zurich tram stops line 2 - 7

Click here to take the quiz!

General Stats

  • This quiz has been taken 39 times
  • The average score is 59 of 139

Answer Stats

HintAnswer% Correct
2 | 4 | 5Bellevue
86%
6 | 7Bahnhofstrasse/HB
82%
2 | 6 | 7Paradeplatz
82%
4Sihlquai/HB
82%
4Bahnhofquai/HB
79%
2 | 5Bürkliplatz
75%
3 | 4 | 6 | 7Central
75%
3Sihlpost/HB
75%
2 | 3Stauffacher
75%
6Zoo
75%
2 | 4Bahnhof Tiefenbrunnen
71%
2 | 4Opernhaus
71%
5Bahnhof Enge/Bederstrasse
68%
3Bahnhofplatz/HB
68%
2Kantonalbank
68%
5 | 6Kirche Fluntern
68%
3 | 5Kunsthaus
68%
2 | 3Albisriederplatz
64%
5 | 6 | 7Bahnhof Enge
64%
6ETH/Universitätsspital
61%
4Limmatplatz
61%
4Escher-Wyss-Platz
57%
3Klusplatz
57%
2Letzigrund
57%
4Museum für Gestaltung
54%
6 | 7Rennweg
54%
2Schlieren, Geissweid
54%
3Albisrieden
50%
4Rathaus
50%
2Farbhof
46%
2 | 4Höschgasse
46%
2 | 3Kalkbreite/Bahnhof Wiedikon
46%
5 | 6Platte
46%
4Rudolf-Brun-Brücke
46%
6 | 7Haldenegg
43%
4Helmhaus
43%
2 | 3Lochergut
43%
7Milchbuck
43%
7Bahnhof Stettbach
39%
2 | 3Bezirksgebäude
39%
5Kantonsschule
39%
5Laubegg
39%
2Lindenplatz
39%
3Löwenplatz
39%
3Neumarkt
39%
5Rentenanstalt
39%
3Römerhof
39%
4Schiffbau
39%
5Sihlcity Nord
39%
6 | 7Stockerstrasse
39%
3Altes Krematorium
36%
4Bahnhof Altstetten Nord
36%
5Saalsporthalle
36%
7Schaffhauserplatz
36%
2Sihlstrasse
36%
7Bahnhof Wollishofen
32%
3Hubertus
32%
2Kappeli
32%
7Museum Rietberg
32%
4Toni-Areal
32%
2 | 3Zypressenstrasse
32%
7Billoweg
29%
2 | 4Feldeggstrasse
29%
2Micafil
29%
7Morgental
29%
4Quellenstrasse
29%
2Schlieren, Zentrum Bahnhof
29%
6 | 7Tunnelstrasse
29%
5 | 6Voltastrasse
29%
7Wollishoferplatz
29%
4Löwenbräu
25%
2 | 4Wildbachstrasse
25%
6Zürichbergstrasse
25%
4Aargauerstrasse
21%
7Brunaustrasse
21%
2 | 4Fröhlichstrasse
21%
2Grimselstrasse
21%
3Hottingerplatz
21%
2 | 4Kreuzstrasse
21%
7Post Wollishofen
21%
2Schlieren, Mülligen
21%
7Schwamendingerplatz
21%
3Siemens
21%
7Sonneggstrasse
21%
6Susenbergstrasse
21%
4Technopark
21%
7Tierspital
21%
6Toblerplatz
21%
5Waffenplatzstrasse
21%
2Freihofstrasse
18%
3Hölderlinstrasse
18%
7Röslistrasse
18%
2Schlieren. Gasometerbrücke
18%
7Waldgarten
18%
2Bachmattstrasse
14%
7Butzenstrasse
14%
7Mattenhof
14%
7Probstei
14%
7Schörlistrasse
14%
4Sportweg
14%
4Würzgraben
14%
3Fellenbergstrasse
11%
7Guggachstrasse
11%
7Roswiesen
11%
2Schlieren, Wagonfabrik
11%
7Glattwiesen
7%
7Ottikerstrasse
7%

Score Distribution

Percentile by Number Answered

Percent of People with Each Score

Your Score History

You have not taken this quiz